000 00588nam a2200181Ia 4500
008 090630s9999 xx 000 0 und d
082 _b11491
100 _aओक विश्वनाथ.
245 _aतीन मित्र.
_cओक विश्वनाथ.
260 _bगुरु पब्लिकेशन.
_c1991
300 _a63
600 _aओक विश्वनाथ.
630 _aतीन मित्र.
655 _aबालवाङमय.
700 _aओक विश्वनाथ.
730 _aतीन मित्र.
942 _cBOOK
999 _c263347
_d263347